|
|
|
|
| LEADER |
00810cam a2200241 a 4500 |
| 001 |
0000086071 |
| 005 |
20070716090000.0 |
| 040 |
|
|
|a mod
|
| 041 |
|
|
|a eng
|
| 020 |
0 |
0 |
|a 9836289968
|
| 090 |
0 |
0 |
|a 899.23
|b BAH
|e 2006
|
| 100 |
0 |
0 |
|a Baha Zain
|y 1939-
|
| 245 |
1 |
0 |
|a Memartabatkan persuratan Melayu
|b Baha Zain
|f diulas oleh Mohamad Saleeh Rahamad, Zainal Abidin Borhan
|
| 260 |
0 |
0 |
|a Kuala Lumpur
|b Dewan Bahasa dan Pustaka
|c 2006
|
| 300 |
0 |
0 |
|a ix, 75 p.
|c 22 cm
|
| 500 |
0 |
0 |
|a Includes index
|
| 650 |
0 |
0 |
|a Malay letters
|
| 650 |
0 |
0 |
|a Malay literature
|
| 650 |
0 |
0 |
|a Malay language
|x Usage
|
| 700 |
1 |
1 |
|a bMohamad Saleeh Rahamad
|
| 700 |
1 |
1 |
|a Zainal Abidin Borhan
|
| 999 |
|
|
|a 0255425
|b KD Malaya
|d BOOKS
|e Umum
|f KD MALAYA
|j AVAILABLE
|p 1
|q GOOD CONDITION
|
| 999 |
|
|
|a 0255426
|b KD Malaya
|d BOOKS
|e Umum
|f KD MALAYA
|j AVAILABLE
|p 2
|q GOOD CONDITION
|